WWE Royal Rumble - Qui a éliminé Rey Mysterio ? - Statistiques

Statistiques générales
  • Ce quiz a été pris 310 fois
    30 depuis la dernière actualisation
  • Le résultat moyen est 7 sur 13
Statistiques - réponses
Rumble Éliminé par % Correct
2019 Randy Orton
92%
2005 Edge
88%
2020 Brock Lesnar
80%
2018 Finn Balor
64%
2026 Oba Femi
64%
2014 Seth Rollins
64%
2009 Big Show
60%
2003 Chris Jericho
56%
2011 Wade Barrett
40%
2013 Wade Barrett
40%
2021 Omos
16%
2022 Otis
16%
2025 Jacob Fatu
8%
Aucun quiz correspondant
Distribution des résultats
% des personnes avec chaque résultat
Percentile par nombre de réponses
Votre historique - résultats
Vous n’avez pas pris ce quiz depuis la dernière actualisation